Porridge - Statistics

General Stats
  • This quiz has been taken 51 times
  • The average score is 11 of 15
Answer Stats
Question Answer % Correct
What was the middle name of the main character, Norman Fletcher? Stanley
95%
In which decade was the sit-com first air on British TV? 1970s
92%
Fletcher’s cellmate, Lenny Godber, is from which large Biritish city? Birmingham
92%
What is stolen from Fletcher inthe episode ‘Just Desserts’? A tin of {pineapple} chunks
89%
What was the name of the sequel series, depicting Fletcher out of prison? Going Straight
84%
What is the name of the prison where most episodes are set? HMP Slade
81%
What was the profession of Stephen Rawley, who enters prison in season 3? Judge
78%
Which talented comedy actor played elderly inmate Blanco Webb? David Jason
76%
In which year was the film version of the series released in cinemas? 1979
73%
Who voiced the ominous narration that opens each episode? Ronnie Barker
73%
What was the name of Fletcher’s daughter, played by Patricia Brake? Ingrid
65%
What was the nickname of Warren, the dyslexic prisoner played by Sam Kelly? Bunny
57%
Who wrote the series with his writing partner Ian La Frenais? Dick Clement
51%
Who played mild-mannered prison officer Mr Barrowclough? Brian Wilde
41%
What was the title of the one-off pilot episode? Prisoner and Escort
32%
No matching quizzes found
Score Distribution
Percent of People with Each Score
Percentile by Number Answered
Your Score History
You have not taken this quiz